00381nam a2200121Ia 4500008004100000245012000041260001700161260000900178300000800187650002300195650001200218856002900230170516s9999 xx 000 0 und d aHighly Sensitive and Rapid Detection of Pseudomonas aeruginosa Based on Magnetic Enrichment and Magnetic Separation bTheranostics c2013 a3:2 xMedical Technology xMedtech uhttp://www.thno.org/v3i2